Central Library OPAC University of Rajshahi

Multivariate analysis - II : (Record no. 6691)

MARC details
000 -LEADER
fixed length control field 01108nam a2200301 a 4500
001 - CONTROL NUMBER
control field 6691
003 - CONTROL NUMBER IDENTIFIER
rucl marc code BD-RjUL
005 - DATE AND TIME OF LATEST TRANSACTION
control field 20211208234307.0
008 - FIXED-LENGTH DATA ELEMENTS--GENERAL INFORMATION
fixed length control field 130112s1969 nyua 100 0 eng d
020 ## - INTERNATIONAL STANDARD BOOK NUMBER
International Standard Book Number 0124266525
035 ## - SYSTEM CONTROL NUMBER
System control number (BD-RjUL)6732
040 ## - CATALOGING SOURCE
Original cataloging agency DLC
Transcribing agency DLC
Modifying agency DLC
-- BD-RjUL
Language of cataloging eng
041 ## - LANGUAGE CODE
Language code of text/sound track or separate title eng
082 00 - DEWEY DECIMAL CLASSIFICATION NUMBER
Classification number 519.535
Author mark and year MUL 1969
111 2# - MAIN ENTRY--MEETING NAME
Meeting name or jurisdiction name as entry element International Symposium on Multivariate Analysis,
Number of part/section/meeting 2d,
Location of meeting Wright State University,
Date of meeting 1969.
9 (RLIN) 114737
245 10 - TITLE STATEMENT
Title Multivariate analysis - II :
Remainder of title proceedings /
Statement of responsibility, etc. Edited by Paruchuri R. Krishnaiah.
260 ## - PUBLICATION, DISTRIBUTION, ETC. (IMPRINT)
Place of publication, distribution, etc. New York :
Name of publisher, distributor, etc. Academic Press,
Date of publication, distribution, etc. c1969.
300 ## - PHYSICAL DESCRIPTION
Pagination xx, 696 p. :
Illustrations illus. ;
Size 24 cm.
500 ## - GENERAL NOTE
General note "Sponsored by the Aerospace Research Laboratories, Office of Aerospace Research ... Wright-Patterson Air Force Base, Ohio."
504 ## - BIBLIOGRAPHY, ETC. NOTE
Bibliography, etc Includes bibliographies.
650 #0 - SUBJECT ADDED ENTRY--TOPICAL TERM
Topical term or geographic name as entry element Multivariate analysis.
9 (RLIN) 24
700 1# - ADDED ENTRY--PERSONAL NAME
Personal name Krishnaiah, Paruchuri R.,
Relator term ed.
710 2# - ADDED ENTRY--CORPORATE NAME
Corporate name or jurisdiction name as entry element Aerospace Research Laboratories (U.S.)
9 (RLIN) 21036
Corporate name or jurisdiction name as entry element Wright State University.
9 (RLIN) 21037
942 ## - ADDED ENTRY ELEMENTS (KOHA)
Source of classification or shelving scheme Dewey Decimal Classification
Koha item type Books
Holdings
Lost status Source of classification or shelving scheme Damaged status Not for loan Collection code Permanent Location Current Location Date acquired Source of acquisition Cost, normal purchase price Total Checkouts Full call number Date last seen Copy number Koha item type Shelving location
  Dewey Decimal Classification     Non-fiction Central Library, University of Rajshahi Central Library, University of Rajshahi 16/07/1985 Tulip Ent. 100.50   519.535 MUL V-2 1969 12/01/2014 C-1 Books  
  Dewey Decimal Classification     Non-fiction Central Library, University of Rajshahi Central Library, University of Rajshahi 16/07/1985 Tappan-Tulip 100.00   519.535 MUL 1969 13/04/2017 C-1 Books